|
|
|
|
| LEADER |
00000nam0a2200000 4500 |
| 001 |
171512 |
| 005 |
20231031164011.0 |
| 035 |
|
|
|a (RuTPU)RU\TPU\book\185970
|
| 090 |
|
|
|a 171512
|
| 100 |
|
|
|a 20091205d1960 km y0rusy50 ca
|
| 101 |
0 |
|
|a rus
|
| 102 |
|
|
|a RU
|
| 105 |
|
|
|a a z 001zy
|
| 200 |
1 |
|
|a Системы разработки жильных месторождений
|f М. И. Агошков [и др.]
|
| 210 |
|
|
|a Москва
|c Госгортехиздат
|d 1960
|
| 215 |
|
|
|a 376 с.
|c ил.
|
| 320 |
|
|
|a Библиогр.: с. 371-373.
|
| 610 |
1 |
|
|a рудные месторождения
|
| 610 |
1 |
|
|a жильные месторождения
|
| 610 |
1 |
|
|a промышленное значение
|
| 610 |
1 |
|
|a горногеологические условия
|
| 610 |
1 |
|
|a разработка
|
| 610 |
1 |
|
|a открытые системы
|
| 610 |
1 |
|
|a руда
|
| 610 |
1 |
|
|a системы с магазинированием
|
| 610 |
1 |
|
|a очистные пространства
|
| 610 |
1 |
|
|a крепление
|
| 610 |
1 |
|
|a закладка
|
| 610 |
1 |
|
|a горные породы
|
| 610 |
1 |
|
|a обрушение
|
| 610 |
1 |
|
|a системы разработки
|
| 675 |
|
|
|a 622.343/9
|v 3
|
| 701 |
|
1 |
|a Агошков
|b М. И.
|g Михаил Иванович
|
| 701 |
|
1 |
|a Мухин
|b М. Е.
|
| 701 |
|
1 |
|a Назарчик
|b А. Ф.
|
| 701 |
|
1 |
|a Мамсуров
|b Л. А.
|
| 701 |
|
1 |
|a Рафиенко
|b Д. И.
|
| 801 |
|
1 |
|a RU
|b 63413507
|c 20091205
|
| 801 |
|
2 |
|a RU
|b 63413507
|c 20210301
|g RCR
|
| 942 |
|
|
|c BK
|